HIV/AIDS in Sub-Saharan africa : (Record no. 8237)

MARC details
000 -LEADER
fixed length control field 00686nam a22002052 4500
001 - CONTROL NUMBER
control field 0000012238
005 - DATE AND TIME OF LATEST TRANSACTION
control field 20151217152109.0
008 - FIXED-LENGTH DATA ELEMENTS--GENERAL INFORMATION
fixed length control field 090218s xx 000 0 eng d
020 ## - INTERNATIONAL STANDARD BOOK NUMBER
International Standard Book Number 99669920 :
040 ## - CATALOGING SOURCE
Original cataloging agency KABU
Transcribing agency KABU
100 1# - MAIN ENTRY--PERSONAL NAME
Personal name Anarfi, John Kwasi.
-- 0000168508
245 10 - TITLE STATEMENT
Title HIV/AIDS in Sub-Saharan africa :
Remainder of title its demographic and socio-economic implications /
Statement of responsibility, etc. John Kwasi Anarfi.
250 ## - EDITION STATEMENT
Edition statement 1st ed.
260 ## - PUBLICATION, DISTRIBUTION, ETC. (IMPRINT)
Place of publication, distribution, etc. Nairobi :
Name of publisher, distributor, etc. African Population and Environment Institute,
Date of publication, distribution, etc. 1994.
300 ## - PHYSICAL DESCRIPTION
Extent 38 p.
650 #0 - SUBJECT ADDED ENTRY--TOPICAL TERM
Topical term or geographic name as entry element AIDS (Disease)
Geographic subdivision Africa, Sub-Saharan.
-- 0000168509
852 1# - LOCATION
-- p200 KES
908 ## - PUT COMMAND PARAMETER (RLIN)
Put command parameter 090218
950 ## - LOCAL HOLDINGS (RLIN)
-- 1
Holdings
Withdrawn status Lost status Source of classification or shelving scheme Not for loan Home library Current library Date acquired Total Checkouts Full call number Barcode Date last seen Price effective from Koha item type
    Library of Congress Classification   Kabarak, Main Campus Kabarak, Main Campus 17/12/2015   RA644 .A25A53 1994 c. 2 16653 17/12/2015 17/12/2015 General Collection
    Library of Congress Classification   Kabarak, Main Campus Kabarak, Main Campus 17/12/2015   RA644 .A25A53 1994 c. 1 16652 17/12/2015 17/12/2015 Africana Collection
Designed with assistance from East African Informatics Ltd